000 00724nam a2200289Ia 4500
005 20260324135205.0
008 008 260324s9999 xx 000 0 eng d
020 _a9781410600103
037 _aEBOOK
040 _aCRL
040 _beng
040 _cCRL
041 _2eng
041 _aeng
084 _qCRL
100 _aPatricia Mulcah Boer
_91199669
245 0 _aCareer Counseling Over the Internet
245 3 _bAn Emerging Model for Trusting and Responding To Online Clients
260 _bTaylor and Francis
260 _c2000
365 _a
365 _b220
856 _uhttp://www.taylorfrancis.com/books/9781410600103
942 _cEBOOK
999 _c1800494
_d1800494